Normal view
MARC view
- Conducta (Psicología)
Entry Materia
Number of records used in: 229
001 - NÚMERO DE CONTROL DEL REGISTRO
- campo de control: 4460
003 - IDENTIFICADOR DE NUMERO DE CONTROL
- campo de control: MX-MxUPN
005 - FECHA Y HORA DE LA ÚLTIMA TRANSACCIÓN
- campo de control: 20240821161556.0
008 - DATOS DE LONGITUD FIJA
- campo de control de longitud fija: 240821n| acnnnbabn | ana |d
035 ## - NÚMERO DE CONTROL DEL SISTEMA
- Número de control del sistema: UPN10000004460
040 ## - FUENTE DE LA CATALOGACIÓN
- Centro catalogador de origen: MX-MxUPN
- Lengua de catalogación: spa
- Agencia de transcripción: MX-MxUPN
053 #4 - NÚMERO CLASIFICADOR - BIBLIOTECA DEL CONGRESO (LC)
- Elemento numérico de la clasificación - Número único o no. inicial del rango: BF199
150 ## - ENCABEZAMIENTO - TEMÁTICO
- Término de materia o nombre geográfico como elemento inicial: Conducta (Psicología)
450 ## - VÉASE - MATERIA
- Encabezamiento temático: Conducta humana
450 ## - VÉASE - MATERIA
- Encabezamiento temático: Comportamiento humano
670 ## - FUENTE EN LA QUE SE LOCALIZARON DATOS
- Cita de la fuente: B4
680 ## - NOTA GENERAL CON DESPLIEGUE PÚBLICO
- Texto explicativo: Usase para las obras que tratan acciones y reacciones que constituyen las normas generales de la conducta humana que pueden ser objetos de observación y estudios psicológicos
902 ## - CATALOGADOR
- Catalogador: BEC/270597
